[Event "Heusenstamm Sparkassen op 11th"]
[Site "Heusenstamm"]
[Date "2024.11.24"]
[Round "6"]
[White "Wenzel, Calvin"]
[Black "Woestmann, Ulrich"]
[Result "1/2-1/2"]
[WhiteElo "2058"]
[BlackElo "1987"]
[PlyCount "63"]
[EventDate "2024.11.21"]
[EventType "swiss"]
[EventRounds "7"]
[EventCountry "GER"]
[SourceTitle "CB51_2024"]
[SourceDate "2024.12.18"]
[SourceVersion "1"]
[SourceVersionDate "2024.12.18"]
[SourceQuality "1"]

1. e4 c5 2. Nf3 d6 3. d4 cxd4 4. Nxd4 Nf6 5. Nc3 a6 6. h3 e5 7. Nf3 Be6 8. Ng5 Nc6 9. Nxe6 fxe6 10. Bc4 Qd7 11. a4 Rc8 12. Ba2 Be7 13. 0-0 0-0 14. Be3 Kh8 15. Re1 Nb4 16. Bb3 d5 17. exd5 exd5 18. Bg5 Qf5 19. Bxf6 Rxf6 20. Nxd5 Qxf2+ 21. Kh1 Nxd5 22. Qxd5 Rcf8 23. Qe4 Bd6 24. Qe3 Qh4 25. Bd5 e4 26. Bxe4 Re6 27. Qd3 Rfe8 28. Re2 Qg3 29. Qxg3 Bxg3 30. Ra3 Bf4 31. g3 Bc1 32. Rc3 1/2-1/2

[Event "Heusenstamm Sparkassen op 11th"]
[Site "Heusenstamm"]
[Date "2024.11.23"]
[Round "4"]
[White "Wenzel, Calvin"]
[Black "Hirneise, Jens"]
[Result "1/2-1/2"]
[WhiteElo "2058"]
[BlackElo "2315"]
[PlyCount "69"]
[EventDate "2024.11.21"]
[EventType "swiss"]
[EventRounds "7"]
[EventCountry "GER"]
[SourceTitle "CB48_2024"]
[SourceDate "2024.11.28"]
[SourceVersion "1"]
[SourceVersionDate "2024.11.28"]
[SourceQuality "1"]

1. e4 e6 2. d4 d5 3. Nd2 a6 4. Ngf3 c5 5. exd5 exd5 6. Be2 Nf6 7. 0-0 Bd6 8. dxc5 Bxc5 9. Nb3 Bb6 10. Nbd4 0-0 11. c3 Re8 12. Re1 Nc6 13. Qc2 Bg4 14. Be3 Bc7 15. Rad1 Qd6 16. Nf5 Qd7 17. Ng3 Bxg3 18. hxg3 Bf5 19. Qc1 Qc7 20. Bg5 Ne4 21. Rxd5 Be6 22. Bf4 Qc8 23. Rdd1 Bxa2 24. Qc2 Nc5 25. Ng5 g6 26. Rd6 Bb3 27. Qd2 h6 28. Be3 Na5 29. Bxc5 Qxc5 30. Nf3 Nc4 31. Bxc4 Rxe1+ 32. Qxe1 Bxc4 33. Qe7 Qf5 34. Rf6 Qd5 35. Rd6 1/2-1/2

[Event "Oberliga Ost-B 2324"]
[Site "Germany"]
[Date "2024.03.17"]
[Round "9.7"]
[White "Wenzel, Calvin"]
[Black "Buchinger, Alexis"]
[Result "1-0"]
[WhiteElo "2013"]
[BlackElo "1969"]
[PlyCount "135"]
[EventDate "2023.10.22"]
[EventType "team-tourn"]
[EventRounds "11"]
[EventCountry "GER"]
[SourceTitle "EXT 2025"]
[Source "ChessBase"]
[SourceDate "2024.10.14"]
[SourceVersion "1"]
[SourceVersionDate "2024.10.14"]
[SourceQuality "1"]
[WhiteTeam "Gernsheim"]
[BlackTeam "Neuberg"]
[WhiteTeamCountry "GER"]
[BlackTeamCountry "GER"]

1. e4 e5 2. Nf3 Nc6 3. Bc4 Bc5 4. 0-0 Nf6 5. d3 0-0 6. c3 d5 7. exd5 Nxd5 8. a4 a5 9. Nbd2 Bf5 10. Re1 Nb6 11. Nxe5 Qh4 12. d4 Nxe5 13. Rxe5 Bd6 14. g3 Qh3 15. Bf1 Qg4 16. Qxg4 Bxg4 17. Re1 Rfe8 18. Rxe8+ Rxe8 19. f3 Bd7 20. Ne4 Bf8 21. Bf4 f5 22. Bxc7 Na8 23. Bc4+ Kh8 24. Nd6 Nxc7 25. Nxe8 Nxe8 26. Bb5 Nf6 27. Re1 b6 28. Bxd7 Nxd7 29. Re8 Kg8 30. Rd8 Nf6 31. Rb8 Nd5 32. Kf2 g6 33. Rd8 Nf6 34. Ke3 Kf7 35. Kd3 Be7 36. Rc8 Nd7 37. Kc4 Ke6 38. Kb5 Bd6 39. Kc6 Ke7 40. Rg8 Nf6 41. Rg7+ Ke6 42. f4 Bf8 43. Rb7 h5 44. c4 Ng4 45. d5+ Kf6 46. Rxb6 Nxh2 47. Kc7+ Kf7 48. d6 Nf1 49. d7 Be7 50. Rb3 Nd2 51. Re3 Ne4 52. d8Q Bxd8+ 53. Kxd8 g5 54. fxg5 Kg6 55. Ke7 Kxg5 56. Ke6 Kg4 57. Ke5 Nxg3 58. c5 f4 59. Rd3 f3 60. Rd4+ Kh3 61. Rf4 Kg2 62. c6 Ne2 63. Rf8 h4 64. c7 h3 65. c8Q h2 66. Qg4+ Ng3 67. Qxf3+ Kh3 68. Rh8# 1-0

[Event "Oberliga Ost-B 2324"]
[Site "Germany"]
[Date "2024.03.16"]
[Round "8.7"]
[White "Bauer, Timo"]
[Black "Wenzel, Calvin"]
[Result "0-1"]
[WhiteElo "1772"]
[BlackElo "2013"]
[PlyCount "128"]
[EventDate "2023.10.22"]
[EventType "team-tourn"]
[EventRounds "11"]
[EventCountry "GER"]
[SourceTitle "EXT 2025"]
[Source "ChessBase"]
[SourceDate "2024.10.14"]
[SourceVersion "1"]
[SourceVersionDate "2024.10.14"]
[SourceQuality "1"]
[WhiteTeam "Schoeneck"]
[BlackTeam "Gernsheim"]
[WhiteTeamCountry "GER"]
[BlackTeamCountry "GER"]

1. d4 Nf6 2. Nf3 g6 3. Bg5 Ne4 4. Bf4 c5 5. Be5 f6 6. Bxb8 Rxb8 7. Nbd2 d5 8. e3 Qb6 9. dxc5 Nxc5 10. Rb1 e5 11. Be2 Bf5 12. 0-0 Be7 13. b4 Na4 14. Rb3 0-0 15. c4 dxc4 16. Nxc4 Qc7 17. Qd5+ Kg7 18. Nh4 Bc2 19. Qd2 Bxb3 20. axb3 Nb6 21. Rc1 Rfd8 22. Qb2 Nxc4 23. bxc4 Qd6 24. c5 Qd2 25. Rb1 Qxb2 26. Rxb2 Rbc8 27. Nf3 b6 28. Ra2 Rd7 29. Ne1 bxc5 30. bxc5 Bxc5 31. Nd3 Bb6 32. g3 Rdc7 33. Nb4 Rc1+ 34. Kg2 e4 35. Ba6 Rd8 36. Bb7 f5 37. Nd5 Kf7 38. Rb2 Rd7 39. Ba8 Rc8 40. Nxb6 axb6 41. Ra2 Kf6 42. f3 Ke5 43. fxe4 fxe4 44. Ra4 Rd2+ 45. Kh3 Rcc2 46. Rxe4+ Kd6 47. Kg4 Rxh2 48. Rd4+ Kc5 49. Rd5+ Kb4 50. Rd6 b5 51. Be4 Rc4 52. Kf3 Rc8 53. Rf6 Kc5 54. Bd3 b4 55. Rf4 Rb8 56. Rc4+ Kd6 57. Rd4+ Ke5 58. Re4+ Kf6 59. Rf4+ Kg7 60. e4 Rf8 61. Ke3 Rxf4 62. gxf4 Rh3+ 63. Kd4 Rxd3+ 64. Kxd3 h5 0-1

[Event "Hessen-ch U12"]
[Site "Bad Homburg"]
[Date "2015.04.03"]
[Round "8"]
[White "Wenzel, Calvin"]
[Black "Zeng, Jonas"]
[Result "1/2-1/2"]
[WhiteElo "1613"]
[BlackElo "1008"]
[PlyCount "114"]
[EventDate "2015.03.30"]
[EventType "swiss"]
[EventRounds "9"]
[EventCountry "GER"]
[SourceTitle "EXT 2017"]
[Source "ChessBase"]
[SourceDate "2016.10.25"]
[SourceVersion "1"]
[SourceVersionDate "2016.10.25"]
[SourceQuality "1"]

1. e4 e5 2. Nf3 Nc6 3. Bc4 Nf6 4. d4 exd4 5. 0-0 h6 6. Nxd4 Bc5 7. Nb3 Bb6 8. Re1 0-0 9. e5 Ne8 10. Qf3 d6 11. Bf4 Bf5 12. Bxh6 Bxc2 13. e6 gxh6 14. exf7+ Kh7 15. Bd3+ Bxd3 16. Qxd3+ Kg7 17. fxe8N+ Rxe8 18. Qg3+ Qg5 19. Qxg5+ hxg5 20. Nc3 Bd4 21. Nxd4 Nxd4 22. Rad1 c5 23. Ne4 Nc2 24. Re2 Nd4 25. Re3 Nc2 26. Rc3 Rxe4 27. Rxc2 Rd8 28. Kf1 b5 29. Rxc5 dxc5 30. Rxd8 a5 31. Rd5 Rb4 32. b3 c4 33. bxc4 bxc4 34. Rxg5+ Kf6 35. Rxa5 c3 36. Rc5 Rb1+ 37. Ke2 Rb2+ 38. Kd3 Rxf2 39. Rc6+ Ke7 40. Kxc3 Rxg2 41. a4 Rxh2 42. a5 Kd7 43. Rg6 Ra2 44. Kb4 Kc7 45. Rg7+ Kb8 46. Kb5 Rc2 47. Rg4 Kb7 48. Rb4 Rc6 49. Rh4 Rc3 50. a6+ Kb8 51. Rh8+ Ka7 52. Rh7+ Ka8 53. Kb4 Rc1 54. Rh5 Ka7 55. Kb5 Rb1+ 56. Ka5 Ra1+ 57. Kb5 Rb1+ 1/2-1/2

[Event "Karl Mala Memorial op-B 17th"]
[Site "Frankfurt"]
[Date "2014.08.03"]
[Round "7"]
[White "Wenzel, Calvin"]
[Black "Traut, Stefan"]
[Result "1/2-1/2"]
[WhiteElo "1477"]
[BlackElo "1759"]
[PlyCount "88"]
[EventDate "2014.07.31"]
[EventType "swiss"]
[EventRounds "7"]
[EventCountry "GER"]
[SourceTitle "EXT 2015"]
[Source "ChessBase"]
[SourceDate "2014.11.20"]
[SourceVersion "1"]
[SourceVersionDate "2014.11.20"]
[SourceQuality "1"]

1. e4 c5 2. Nf3 d6 3. d4 cxd4 4. Nxd4 Nf6 5. Nc3 g6 6. Be3 Bg7 7. f3 a6 8. Qd2 Nbd7 9. 0-0-0 b5 10. Nd5 Bb7 11. Nf4 Nf8 12. Nb3 Rc8 13. Qa5 Qxa5 14. Nxa5 Ba8 15. a4 N8d7 16. axb5 axb5 17. Bxb5 0-0 18. Kd2 Nb8 19. c3 Nfd7 20. Ke2 Nc6 21. Nxc6 Bxc6 22. Bxc6 Rxc6 23. Ra1 Rb8 24. Ra2 e6 25. Rha1 Kf8 26. Ra8 Rxa8 27. Rxa8+ Ke7 28. Kd2 Rc7 29. Bd4 Bxd4 30. cxd4 Rb7 31. Nd3 Nb6 32. Ra1 Nc4+ 33. Kc3 Rc7 34. Rc1 Ne3+ 35. Kd2 Rxc1 36. Nxc1 Nxg2 37. Kc3 Kd7 38. Kc4 Kc6 39. d5+ Kb6 40. Nd3 e5 41. b4 g5 42. Nf2 h5 43. Nh3 f6 44. Ng1 Nh4 1/2-1/2

[Event "Karl Mala Memorial op-B 17th"]
[Site "Frankfurt"]
[Date "2014.07.31"]
[Round "1"]
[White "Wenzel, Calvin"]
[Black "Haller, Andreas"]
[Result "1-0"]
[WhiteElo "1477"]
[BlackElo "774"]
[PlyCount "39"]
[EventDate "2014.07.31"]
[EventType "swiss"]
[EventRounds "7"]
[EventCountry "GER"]
[SourceTitle "EXT 2015"]
[Source "ChessBase"]
[SourceDate "2014.11.20"]
[SourceVersion "1"]
[SourceVersionDate "2014.11.20"]
[SourceQuality "1"]

1. e4 e5 2. Nf3 Nc6 3. Bc4 Bc5 4. c3 Nf6 5. d3 0-0 6. Nbd2 Re8 7. Nf1 d5 8. exd5 Nxd5 9. Ng3 Bg4 10. h3 Be6 11. Qb3 Qf6 12. Ne4 Qd8 13. Nxc5 Na5 14. Qb5 b6 15. Ne4 Bd7 16. Qxd5 Bc6 17. Qxf7+ Kh8 18. Nfg5 Bxe4 19. Qg8+ Rxg8 20. Nf7# 1-0

[Event "Hessen-ch U12"]
[Site "Bad Homburg"]
[Date "2014.??.??"]
[Round "3"]
[White "Bajorski, Marius"]
[Black "Wenzel, Calvin"]
[Result "1-0"]
[WhiteElo "1802"]
[BlackElo "1287"]
[PlyCount "59"]
[EventDate "2014.04.??"]
[EventType "swiss"]
[EventRounds "9"]
[EventCountry "GER"]
[SourceTitle "EXT 2022"]
[Source "ChessBase"]
[SourceDate "2021.10.06"]
[SourceVersion "1"]
[SourceVersionDate "2021.10.06"]
[SourceQuality "1"]

1. e4 e5 2. Nf3 Nc6 3. Bc4 Bc5 4. c3 Nf6 5. d4 exd4 6. cxd4 Bb4+ 7. Nc3 0-0 8. e5 Ne4 9. Qc2 Nxc3 10. bxc3 Ba5 11. 0-0 h6 12. d5 Ne7 13. d6 cxd6 14. exd6 Nc6 15. Bxh6 Qf6 16. Bd2 Ne5 17. Ng5 Qg6 18. Qxg6 Nxg6 19. Rfe1 b5 20. Bxb5 Bb7 21. Bd3 Nf4 22. Bc2 Nxg2 23. Reb1 Bc6 24. Be4 Bxe4 25. Nxe4 Nh4 26. Rb5 Nf3+ 27. Kh1 Nxd2 28. Nf6+ gxf6 29. Rg1+ Kh7 30. Rh5# 1-0

[Event "Hessen-ch U12"]
[Site "Bad Homburg"]
[Date "2014.??.??"]
[Round "6"]
[White "Wenzel, Calvin"]
[Black "Krastev, Alexander"]
[Result "1/2-1/2"]
[WhiteElo "1287"]
[BlackElo "1382"]
[PlyCount "177"]
[EventDate "2014.04.??"]
[EventType "swiss"]
[EventRounds "9"]
[EventCountry "GER"]
[SourceTitle "EXT 2022"]
[Source "ChessBase"]
[SourceDate "2021.10.06"]
[SourceVersion "1"]
[SourceVersionDate "2021.10.06"]
[SourceQuality "1"]

1. e4 e5 2. Nf3 Nc6 3. Bc4 Bc5 4. 0-0 Nf6 5. Nc3 0-0 6. d3 d6 7. h3 Be6 8. Bb3 Na5 9. Bxe6 fxe6 10. Ng5 Qe7 11. Nb5 Bb6 12. Be3 Bxe3 13. fxe3 a6 14. Nxc7 Qxc7 15. Nxe6 Qe7 16. Nxf8 Rxf8 17. Rf3 Nc6 18. Qd2 Nd7 19. Rxf8+ Nxf8 20. Rf1 Nd7 21. Qc3 Nf6 22. Qb3+ Kh8 23. a3 h6 24. Qa2 Nd8 25. Qb1 Qe6 26. c4 b6 27. Qd1 Qd7 28. Qb3 Qc6 29. a4 Nb7 30. Qd1 Nc5 31. b4 Nxa4 32. Qc1 a5 33. Qd2 axb4 34. Qxb4 Nc5 35. Qb5 Qxb5 36. cxb5 Nxd3 37. Rd1 Nc5 38. Rxd6 Nfxe4 39. Rxb6 Kg8 40. Kf1 Kf7 41. Ke1 Ke7 42. Kd1 Kd7 43. Kc2 Nd6 44. Rc6 Ne6 45. Rb6 Nd8 46. Kc3 Kc7 47. Ra6 Nxb5+ 48. Kb4 Nd6 49. Ra7+ N8b7 50. Ra1 Nf5 51. e4 Ng3 52. Rc1+ Kd7 53. Rc4 Nd6 54. Rc5 Ke6 55. Rc7 Kf6 56. Rc6 Ngxe4 57. Kb3 Kg5 58. g3 g6 59. Kc2 h5 60. Kd1 Kf5 61. Ke2 Nxg3+ 62. Kf3 Nge4 63. Rc1 Nb5 64. h4 Nf6 65. Rg1 e4+ 66. Ke3 Ng4+ 67. Kd2 e3+ 68. Ke2 Ke4 69. Rc1 Nd4+ 70. Ke1 e2 71. Rc3 Ne3 72. Rxe3+ Kf4 73. Rd3 Nf3+ 74. Kxe2 Nxh4 75. Rd4+ Kg5 76. Kf2 Nf5 77. Ra4 h4 78. Kg2 Kh5 79. Kh3 g5 80. Ra5 g4+ 81. Kg2 Kg5 82. Kh2 Kf4 83. Ra4+ Kf3 84. Ra2 Ne3 85. Ra3 g3+ 86. Kh3 Kf2 87. Ra2+ Kg1 88. Kxh4 g2 89. Rxg2+ 1/2-1/2

[Event "GER-chT U12"]
[Site "Schney"]
[Date "2013.12.29"]
[Round "5.3"]
[White "Koll, Linus"]
[Black "Wenzel, Calvin"]
[Result "1/2-1/2"]
[WhiteElo "1210"]
[BlackElo "1056"]
[PlyCount "113"]
[EventDate "2013.12.27"]
[EventType "team-swiss"]
[EventRounds "7"]
[EventCountry "GER"]
[SourceTitle "EXT 2015"]
[Source "ChessBase"]
[SourceDate "2014.11.20"]
[SourceVersion "1"]
[SourceVersionDate "2014.11.20"]
[SourceQuality "1"]
[WhiteTeam "Karlsruhe"]
[BlackTeam "Bickenbach"]
[WhiteTeamCountry "GER"]
[BlackTeamCountry "GER"]

1. e4 e5 2. Nf3 Nc6 3. Bc4 Bc5 4. c3 Nf6 5. d3 a6 6. Be3 Ba7 7. Nbd2 d6 8. Bxa7 Rxa7 9. Qc2 Bg4 10. h3 Bxf3 11. gxf3 Rg8 12. 0-0-0 b5 13. Bb3 a5 14. a4 b4 15. Rhe1 bxc3 16. bxc3 Rb7 17. Qa2 Rf8 18. Bc4 Ne7 19. Kc2 Qd7 20. Rb1 c6 21. Rxb7 Qxb7 22. Rb1 Qa7 23. Qb3 Nd7 24. Qb7 Qxb7 25. Rxb7 Kd8 26. Ra7 Nb6 27. d4 Nxa4 28. Rxa5 Nb6 29. dxe5 dxe5 30. Rxe5 Ng6 31. Rf5 f6 32. Ra5 Nxc4 33. Nxc4 Rf7 34. Ra8+ Ke7 35. Ra7+ Ke6 36. Rxf7 Kxf7 37. Kd2 Ke6 38. Ke3 Nh4 39. f4 c5 40. f5+ Kd7 41. f4 Ng2+ 42. Kf3 Ne1+ 43. Kf2 Nd3+ 44. Ke3 Ne1 45. Nb2 Nc2+ 46. Ke2 Na3 47. Kd3 Nb5 48. c4 Nd4 49. Nd1 g6 50. fxg6 hxg6 51. Nf2 f5 52. exf5 gxf5 53. h4 Ke7 54. Nd1 Kf7 55. Ne3 Kg6 56. Nd5 Kh5 57. Ke3 1/2-1/2

[Event "GER-chT U12"]
[Site "Schney"]
[Date "2013.12.27"]
[Round "2.3"]
[White "Wenzel, Calvin"]
[Black "Bargsten, Justus"]
[Result "0-1"]
[WhiteElo "1056"]
[BlackElo "1297"]
[PlyCount "90"]
[EventDate "2013.12.27"]
[EventType "team-swiss"]
[EventRounds "7"]
[EventCountry "GER"]
[SourceTitle "EXT 2015"]
[Source "ChessBase"]
[SourceDate "2014.11.20"]
[SourceVersion "1"]
[SourceVersionDate "2014.11.20"]
[SourceQuality "1"]
[WhiteTeam "Bickenbach"]
[BlackTeam "Stade"]
[WhiteTeamCountry "GER"]
[BlackTeamCountry "GER"]

1. e4 c5 2. Nc3 Nc6 3. f4 d6 4. Bb5 g6 5. Nf3 Bg7 6. d3 Nf6 7. 0-0 0-0 8. Bxc6 bxc6 9. Qe1 d5 10. f5 gxf5 11. exf5 Bxf5 12. Ne5 Bd7 13. Nxd7 Qxd7 14. h3 Kh8 15. Qh4 Rg8 16. Rf3 Rab8 17. a3 Qd6 18. Bf4 e5 19. Bg5 Ne8 20. Rb1 f6 21. Bh6 Rb7 22. b3 f5 23. Bxg7+ Rbxg7 24. Rf2 d4 25. Na2 Qd5 26. Kf1 Rxg2 27. Rb2 Rxf2+ 28. Qxf2 Qh1+ 29. Ke2 Rg2 30. c3 Rxf2+ 31. Kxf2 Qh2+ 32. Kf3 Qxb2 33. cxd4 exd4 34. Nb4 cxb4 35. axb4 Qxb3 36. Ke2 Qxb4 37. h4 a5 38. h5 a4 39. h6 a3 40. Kd1 a2 41. Kc2 Qc3+ 42. Kd1 a1Q+ 43. Ke2 Qae1+ 44. Kf3 Qxd3+ 45. Kf4 Qee3# 0-1

[Event "Hessen-ch U10"]
[Site "Bad Homburg"]
[Date "2013.??.??"]
[Round "7"]
[White "Wenzel, Calvin"]
[Black "Held, Maurice"]
[Result "1/2-1/2"]
[WhiteElo "925"]
[BlackElo "1091"]
[PlyCount "122"]
[EventDate "2013.03.??"]
[EventType "swiss"]
[EventRounds "9"]
[EventCountry "GER"]
[SourceTitle "EXT 2014"]
[Source "ChessBase"]
[SourceDate "2013.11.20"]
[SourceVersion "1"]
[SourceVersionDate "2013.11.20"]
[SourceQuality "1"]

1. e4 g6 2. d4 Bg7 3. b3 c5 4. Bb2 d6 5. Nf3 cxd4 6. Bxd4 Nf6 7. Be2 0-0 8. 0-0 Nc6 9. c3 e5 10. Be3 Nxe4 11. Bd3 Nf6 12. b4 e4 13. Bb5 exf3 14. Bxc6 bxc6 15. Qxf3 d5 16. h3 Ne4 17. Bd4 Nf6 18. Re1 Bf5 19. Nd2 Re8 20. Bxf6 Bxf6 21. Rxe8+ Qxe8 22. Rc1 a5 23. b5 cxb5 24. Qxd5 Be6 25. Qf3 Bg7 26. Re1 Rd8 27. Ne4 Qe7 28. Ng3 Bxc3 29. Qxc3 b4 30. Qf3 Qd6 31. Ne4 Qc7 32. a3 b3 33. Qf6 Rb8 34. Qb2 Qc2 35. Qxc2 bxc2 36. Nd2 Rc8 37. Rc1 Bf5 38. Kf1 Re8 39. Nb3 Rd8 40. Ke2 a4 41. Na1 Bd3+ 42. Ke3 Bf5 43. Nxc2 Rd3+ 44. Ke2 Rc3 45. Kd2 Rc8 46. Ne3 Rd8+ 47. Ke1 Be6 48. Nd1 Bd5 49. g3 Re8+ 50. Ne3 Bf3 51. Kd2 Rd8+ 52. Kc2 Rc8+ 53. Kb2 Rb8+ 54. Kc2 Be4+ 55. Kd2 Rd8+ 56. Ke1 Bb7 57. Rc4 Ra8 58. Kd2 Rd8+ 59. Kc2 Bc8 60. Kc3 Bxh3 61. Rxa4 Rc8+ 1/2-1/2